NBA Best 3pt shooters quiz - Statistics

General Stats
  • This quiz has been taken 564 times
  • The average score is 5 of 15
Answer Stats
# Hint Answer % Correct
3 _________ was known to be a clutch player in the deep three range. He is considered the best shooter focused on 3's. Ray Allen
73%
4 Very often has his ups and downs, is an active player and considered the best of the era. He always feels comfortable expanding his range. Stephen Curry
73%
7 One of the best Pacers shooter to ever exist with insane range. Reggie Miller
71%
9 The 2016 3 point contest winner and 2nd place in 2015, This person is an absolute terrific 3 point shooter. Klay Thompson
59%
6 Amazing 3pt shooter however not very focused. Won many 3pt contests, and went 11 in a row without missing one in the 1985 contest. Larry Bird
54%
8 Still involved in the NBA, was in the Bulls around Jordan's time. Steve Kerr
49%
10 Active player on the Atlanta Hawks, shoots like a beast. Kyle Korver
46%
1 Not known for 3pt shooting, but one of the most clutch 3pt shooters to ever exist. However his shot was easier to block than Jordan's. Kobe Bryant
40%
2 Also not known for 3pt shooting, but considered the most clutch player to ever exist. Michael Jordan
32%
13 Currently playing for the Los Angeles Clippers, this person has never made a 3pt contest. (I believe) Jamal Crawford
12%
11 Retired player on the Lakers along side Kobe (No, No, No, NOT SHAQ!) Steve Nash
12%
15 This person scored 2,133 three pointers over his career, and his currently playing on the Los Angeles Clippers. Paul Pierce
11%
14 Currently playing for the Utah Jazz, this person played for the Brooklyn Nets 2012-2016. Joe Johnson
6%
5 Had an absolute insane performance in the 3pt shootouts, shot 19 3pointers in a row without missing one! Craig Hodges
5%
12 He was amazing just like the 11 above. Dale Ellis
2%
No matching quizzes found
Score Distribution
Percent of People with Each Score
Percentile by Number Answered
Your Score History
You have not taken this quiz